Les villes et le tramway d'Ile-de-France - Statistiques

Statistiques générales
  • Ce quiz a été pris 100 fois
  • Le résultat moyen est 49 sur 89
Statistiques - réponses
Hint Réponse % Correct
Ligne T2 Paris P Paris
91%
Ligne T9 Paris P Paris
91%
Ligne T5 Seine-Saint-Denis S Saint-Denis
87%
Ligne T8 Seine-Saint-Denis S Saint-Denis
87%
Ligne T1 Hauts-de-Seine A Asnières
79%
Ligne T2 Hauts-de-Seine I Issy-les-Moulineaux
76%
Ligne T1 Hauts-de-Seine C Colombes
75%
Ligne T2 Hauts-de-Seine C Colombes
75%
Ligne T8 Seine-Saint-Denis E Épinay-sur-Seine
75%
Ligne T11 Seine-Saint-Denis E Épinay-sur-Seine
75%
Ligne T1 Hauts-de-Seine N Nanterre
71%
Ligne T2 Hauts-de-Seine N Nanterre
71%
Ligne T4 Seine-Saint-Denis B Bondy
69%
Ligne T12 Essonne E Évry-Courcouronnes
69%
Ligne T7 Val-de-Marne O Orly
69%
Ligne T9 Val-de-Marne O Orly
69%
Ligne T2 Hauts-de-Seine P Puteaux
69%
Ligne T2 Val-d'Oise B Bezons
68%
Ligne T2 Hauts-de-Seine C Courbevoie
67%
Ligne T13 Yvelines V Versailles
67%
Ligne T4 Seine-Saint-Denis A Aulnay-sous-Bois
65%
Ligne T9 Val-de-Marne I Ivry-sur-Seine
65%
Ligne T11 Seine-Saint-Denis D Drancy
64%
Ligne T11 Seine-Saint-Denis L La Courneuve
64%
Ligne T7 Val-de-Marne V Vitry-sur-Seine
64%
Ligne T9 Val-de-Marne V Vitry-sur-Seine
64%
Ligne T7 Essonne A Athis-Mons
63%
Ligne T12 Essonne M Massy
63%
Ligne T2 Hauts-de-Seine M Meudon
63%
Ligne T6 Hauts-de-Seine M Meudon
63%
Ligne T5 Val-d'Oise S Sarcelles
63%
Ligne T10 Hauts-de-Seine A Antony
61%
Ligne T1 Seine-Saint-Denis N Noisy-le-Sec
61%
Ligne T7 Val-de-Marne V Villejuif
61%
Ligne T7 Val-de-Marne R Rungis
60%
Ligne T2 Hauts-de-Seine S Saint-Cloud
60%
Ligne T4 Seine-Saint-Denis C Clichy-sous-Bois
59%
Ligne T2 Hauts-de-Seine S Sèvres
59%
Ligne T7 Val-de-Marne T Thiais
59%
Ligne T9 Val-de-Marne T Thiais
59%
Ligne T5 Val-d'Oise G Garges-lès-Gonesse
57%
Ligne T11 Seine-Saint-Denis S Stains
57%
Ligne T2 Hauts-de-Seine S Suresnes
57%
Ligne T9 Val-de-Marne C Choisy-le-Roi
56%
Ligne T6 Hauts-de-Seine C Clamart
56%
Ligne T10 Hauts-de-Seine C Clamart
56%
Ligne T11 Seine-Saint-Denis L Le Bourget
56%
Ligne T13 Yvelines S Saint-Germain-en-Laye
56%
Ligne T6 Hauts-de-Seine C Châtillon
55%
Ligne T6 Yvelines V Vélizy-Villacoublay
55%
Ligne T4 Seine-Saint-Denis M Montfermeil
53%
Ligne T8 Seine-Saint-Denis V Villetaneuse
53%
Ligne T11 Seine-Saint-Denis V Villetaneuse
53%
Ligne T12 Essonne L Longjumeau
52%
Ligne T10 Hauts-de-Seine C Châtenay-Malabry
51%
Ligne T11 Seine-Saint-Denis D Dugny
51%
Ligne T12 Essonne G Grigny
49%
Ligne T4 Seine-Saint-Denis S Sevran
49%
Ligne T1 Seine-Saint-Denis M Montreuil
48%
Ligne T6 Yvelines V Viroflay
48%
Ligne T7 Val-de-Marne C Chevilly-Larue
47%
Ligne T4 Seine-Saint-Denis L Livry-Gargan
47%
Ligne T5 Seine-Saint-Denis P Pierrefitte-sur-Seine
47%
Ligne T11 Val-d'Oise P Pierrefitte-sur-Seine
47%
Ligne T2 Hauts-de-Seine L La Garenne-Colombes
45%
Ligne T4 Seine-Saint-Denis L Les Pavillons-sous-Bois
45%
Ligne T12 Essonne E Épinay-sur-Orge
44%
Ligne T13 Yvelines S Saint-Cyr-l'École
44%
Ligne T7 Val-de-Marne L L'Haÿ-les-Roses
43%
Ligne T7 Essonne P Paray-Vieille-Poste
43%
Ligne T12 Essonne C Chilly-Mazarin
41%
Ligne T1 Seine-Saint-Denis R Romainville
41%
Ligne T12 Essonne V Viry-Châtillon
41%
Ligne T13 Yvelines S Saint-Nom-la-Bretèche
39%
Ligne T4 Seine-Saint-Denis V Villemomble
39%
Ligne T10 Hauts-de-Seine L Le Plessis-Robinson
37%
Ligne T1 Seine-Saint-Denis R Rosny-sous-Bois
37%
Ligne T12 Essonne C Champlan
36%
Ligne T4 Seine-Saint-Denis L Le Raincy
36%
Ligne T1 Hauts-de-Seine R Rueil-Malmaison
36%
Ligne T13 Yvelines N Noisy-le-Roi
35%
Ligne T12 Essonne R Ris-Orangis
35%
Ligne T6 Hauts-de-Seine F Fontenay-aux-Roses
32%
Ligne T1 Seine-Saint-Denis F Fontenay-sous-Bois
31%
Ligne T13 Yvelines B Bailly
28%
Ligne T13 Yvelines M Mareil-Marly
28%
Ligne T11 Val-d'Oise M Montmagny
27%
Ligne T12 Essonne M Morsang-sur-Orge
25%
Ligne T13 Yvelines L L'Étang-la-Ville
17%
Aucun quiz correspondant
Distribution des résultats
% des personnes avec chaque résultat
Percentile par nombre de réponses
Votre historique - résultats
Vous n’avez pas pris ce quiz